000 00600cab a2200217 4500
001 ABS41875
008 090401t1989 xxu||||| |||| 00| 0 eng d
035 _a(Sirsi) u33177
041 _aeng
100 _avan Dijk, E.
245 _aCapitalising on the pleasure principle
260 _c1989
350 _a0
490 _aChartered Surveyor Weekly
_v29(12) 21 December 1989 34-35(2)
520 _aRuns through the major leisure development s in the UK during the last year.
650 _a1989
650 _aREVIEW
690 _aLEISURE AND RECREATION
942 _n0
948 _c04/03/1997
999 _c22180
_d22180